Most Common US Last Names Starting With L - Statistics

General Stats
  • This quiz has been taken 368 times
  • The average score is 11 of 23
Answer Stats
# name % Correct
77,453 Le
99%
605,860 Lee
92%
509,930 Lewis
81%
124,321 Lawrence
66%
59,843 Lang
64%
223,494 Long
64%
621,536 Lopez
63%
89,178 Lowe
61%
121,064 Larson
60%
115,186 Lawson
56%
128,727 Lane
55%
62,034 Leon
54%
100,417 Lucas
52%
89,198 Leonard
48%
102,718 Little
44%
64,576 Logan
43%
78,323 Love
42%
90,618 Lambert
21%
61,154 Lloyd
19%
82,258 Lyons
19%
61,199 Lindsey
18%
114,448 Lynch
14%
76,127 Luna
12%
No matching quizzes found
Score Distribution
Percent of People with Each Score
Percentile by Number Answered
Your Score History
You have not taken this quiz